Statisctics for business decisions/ (Record no. 207437)

MARC details
000 -LEADER
fixed length control field 00545nam a22001817a 4500
005 - DATE AND TIME OF LATEST TRANSACTION
control field 20241205144112.0
010 ## - LCCN (DPL NO)
LC control number ENG-142892
020 ## - INTERNATIONAL STANDARD BOOK NUMBER
International Standard Book Number 9789380599342
Terms of availability 250.00
035 ## - SYSTEM CONTROL NUMBER
System control number EN-126424
037 ## - SOURCE OF ACQUISITION
Source of stock number/acquisition DBAD
082 ## - DEWEY DECIMAL CLASSIFICATION NUMBER
Classification number 519.502
100 ## - MAIN ENTRY--PERSONAL NAME
Personal name Dās, J. K.
245 ## - TITLE STATEMENT
Title Statisctics for business decisions/
Statement of responsibility, etc By J. K. Dās
260 ## - PUBLICATION, DISTRIBUTION, ETC. (IMPRINT)
Place of publication, distribution, etc Kolkata
Name of publisher, distributor, etc Academic Publishers
Date of publication, distribution, etc 2010
270 ## - ADDRESS
Address 5A Bhawani Dutta Lane, Kolkata-700073
City Kolkata
Postal code 700073
300 ## - PHYSICAL DESCRIPTION
Extent xii,348p. .
Dimensions 24cm. (pb)
942 ## - ADDED ENTRY ELEMENTS (KOHA)
Source of classification or shelving scheme Dewey Decimal Classification
Item type English Books
Classification part 519.502
Call number suffix DAS
Holdings
Withdrawn status Lost status Not for loan Collection code Home library Current library Date acquired Source of acquisition Cost, normal purchase price Full call number Barcode Copy number Cost, replacement price Koha item type
      Non-fiction R.K.Puram-8 R.K.Puram-8 05/12/2024 Delivery of Books Act Division 250.00 519.502 DAS EN-126424 1 250.00 English Books

© Delhi Public Library
Hit Counter
free hit counter